000
00315nam a22001457a 4500
008
221011b ||||| |||| 00| 0 eng d
020
_a
9781557982599
041
_a
eng
080
_a
610
082
_a
610 CAN
100
_a
9
101
_a
INF
245
_a
ETHICS FOR PSYCHOLOGISTS
_c
CANTER M
942
_2
udc
_c
BK
999
_c
58484
_d
58484